MARC details
| 000 -CABECERA |
| campo de control de longitud fija |
01739nam a2200313 a 4500 |
| 001 - NÚMERO DE CONTROL |
| campo de control |
|
| 003 - IDENTIFICADOR DEL NÚMERO DE CONTROL |
| campo de control |
OSt |
| 005 - FECHA Y HORA DE LA ÚLTIMA TRANSACCIÓN |
| campo de control |
20241021150158.0 |
| 008 - DATOS DE LONGITUD FIJA--INFORMACIÓN GENERAL |
| campo de control de longitud fija |
150203s2014 dr 000 0 spa d |
| 040 ## - FUENTE DE LA CATALOGACIÓN |
| Centro catalogador/agencia de origen |
DO-SdBNP |
| Lengua de catalogación |
spa |
| Centro/agencia transcriptor |
DO-SdBNP |
| 082 ## - NÚMERO DE LA CLASIFICACIÓN DECIMAL DEWEY |
| Número de clasificación |
342.7293068 |
| Número de documento/Ítem |
R426c |
| 110 1# - ENTRADA PRINCIPAL--NOMBRE DE ENTIDAD CORPORATIVA |
| Nombre de entidad corporativa o nombre de jurisdicción como elemento de entrada |
República Dominicana. |
| 9 (RLIN) |
447 |
| 240 10 - TÍTULO UNIFORME |
| Título uniforme |
[Leyes, etc.] |
| 245 10 - MENCIÓN DE TÍTULO |
| Título |
Compendio de normas sobre profesionalización de la función pública : |
| Resto del título |
Ley de Función Pública y sus reglamentos de aplicación y ley orgánica de Administración Pública Ley no. 247-12 / |
| Mención de responsabilidad, etc. |
presentación ; Ramón Ventura Camejo. |
| 250 ## - MENCIÓN DE EDICIÓN |
| Mención de edición |
9a ed. |
| 260 ## - PUBLICACIÓN, DISTRIBUCIÓN, ETC. |
| Lugar de publicación, distribución, etc. |
Santo Domingo : |
| -- |
Ministerio de Administración Pública (MAP), |
| Fecha de publicación, distribución, etc. |
2014. |
| 300 ## - DESCRIPCIÓN FÍSICA |
| Extensión |
254 p. ; |
| Dimensiones |
22 cm. |
| 505 0# - NOTA DE CONTENIDO CON FORMATO |
| Nota de contenido con formato |
Ley no. 41-08 de función pública -- |
| Título |
Reglamento de relaciones laborales en la administración pública. No. 523-09 -- |
| -- |
Reglamento de reclutamiento y selección de personal en la administración pública. No. 524-09 -- |
| -- |
Reglamento de evaluación del desenpeño y promoción de los servidores y funcionarios de la administración pública. No. 525-09 -- |
| -- |
Reglamento de estructura organizativa, cargo y política salarial. No. 527-09 |
| -- |
Ley orgáica de admistración pública (ley No. 247-12) |
| 590 ## - NOTA LOCAL (RLIN) |
| Nota local |
Inventariado, 2020/VM |
| 650 #0 - PUNTO DE ACCESO ADICIONAL DE MATERIA--TÉRMINO DE MATERIA |
| Subdivisión general |
República Dominicana |
| Término de materia o nombre geográfico como elemento de entrada |
República Dominicana |
| 9 (RLIN) |
9306 |
| 650 #7 - PUNTO DE ACCESO ADICIONAL DE MATERIA--TÉRMINO DE MATERIA |
| Término de materia o nombre geográfico como elemento de entrada |
Función pública |
| Subdivisión geográfica |
República Dominicana |
| 9 (RLIN) |
17764 |
| 650 #7 - PUNTO DE ACCESO ADICIONAL DE MATERIA--TÉRMINO DE MATERIA |
| Término de materia o nombre geográfico como elemento de entrada |
Funcionarios públicos |
| Subdivisión geográfica |
República Dominicana |
| 9 (RLIN) |
6503 |
| 650 #0 - PUNTO DE ACCESO ADICIONAL DE MATERIA--TÉRMINO DE MATERIA |
| Término de materia o nombre geográfico como elemento de entrada |
Carrera administrativa |
| Subdivisión geográfica |
República Dominicana |
| 9 (RLIN) |
35844 |
| 651 ## - PUNTO DE ACCESO ADICIONAL DE MATERIA--NOMBRE GEOGRÁFICO |
| Fuente del encabezamiento o término |
| |
| 700 12 - PUNTO DE ACCESO ADICIONAL--NOMBRE DE PERSONA |
| Nombre de persona |
Ventura Camejo, Ramón |
| Término indicativo de función/relación |
present. |
| 9 (RLIN) |
26937 |
| 710 22 - PUNTO DE ACCESO ADICIONAL--NOMBRE DE ENTIDAD CORPORATIVA |
| Nombre de entidad corporativa o nombre de jurisdicción como elemento de entrada |
República Dominicana. |
| Unidad subordinada |
Ministerio de Administración Pública |
| 9 (RLIN) |
38094 |
| 942 ## - ELEMENTOS DE PUNTO DE ACCESO ADICIONAL (KOHA) |
| Fuente del sistema de clasificación o colocación |
Dewey Decimal Classification |
| Tipo de ítem Koha |
Libros y folletos |
| 956 ## - LOCALIZACIÓN Y ACCESO ELECTRÓNICOS LOCAL (OCLC) |
| Identificador Uniforme del Recurso |
<a href="VMateo">VMateo</a> |